| 000 | 00635nam a22001937a 4500 | ||
|---|---|---|---|
| 005 | 20260114123124.0 | ||
| 010 | _aENG-147451 | ||
| 020 |
_a9789367134658 _c1180.00 |
||
| 035 | _aEN-130983 | ||
| 037 | _bDBAD | ||
| 082 |
_a024.171 _26 |
||
| 100 |
_aChopra, Anil K _986357 |
||
| 245 |
_aDynamics Of Structures : _bTheory & Applications To Earthquake Engineering/ _cAnil K Chopra |
||
| 250 | _a6 | ||
| 260 |
_aNoida _bPearson India Education _c2026 |
||
| 270 |
_a15th Floor, Towe-B, World Trade Tower, Plot No.1, Block-C, Sector-16 _bNoida _e201301 |
||
| 300 |
_a978p. _c23cm(pb) |
||
| 942 |
_2ddc _cEN _h027.171 _mCHO |
||
| 999 |
_c214112 _d214112 |
||